000 00732nam a2200205Ii 4500
003 JO-AjNU
008 230605s9999||||xx |||||||||||||| ||und||
040 _aJO-AjNU
_bara
_erda
_cJO-AjNU
041 _aara
050 1 4 _aHQ515 2000
100 3 _a السعيدي، سمير,
_eauthor
_938339
245 0 0 _aاصل العائلة العربية وانواع الزواج القديمة عند العرب
250 _aط1
264 3 1 _aبيروت: دار الملتقى، 2000
300 _a160ص
_bيحتوي ببلوغرافية من ص 159-160ص
336 _atext
_btxt
_2rdacontent
337 _aunmediated
_bn
_2rdamedia
338 _avolume
_bnc
_2rdacarrier
650 4 _aالاسرة - البلاد العربية
_938340
999 _aA16099
_c19667
_d19667